Cliquez pour recoller les formes de pays #2 - Statistiques

Statistiques générales
  • Ce quiz a été pris 2 423 fois
  • Le résultat moyen est 11 sur 25
Statistiques - réponses
Hint Extra Hint Explanation Réponse % Correct
Cliquez sur la moitié manquante France
99%
Cliquez sur la moitié manquante Indonésie
62%
Cliquez sur la moitié manquante Croatie
59%
Cliquez sur la moitié manquante Somalie
59%
Cliquez sur la moitié manquante Italie
59%
Cliquez sur la moitié manquante Sénégal
56%
Cliquez sur la moitié manquante Philippines
56%
Cliquez sur la moitié manquante Égypte
53%
Cliquez sur la moitié manquante Vatican
50%
Cliquez sur la moitié manquante Royaume-Uni
49%
Cliquez sur la moitié manquante Inde
46%
Cliquez sur la moitié manquante Kazakhstan
46%
Cliquez sur la moitié manquante Chine
45%
Cliquez sur la moitié manquante Mali
41%
Cliquez sur la moitié manquante Allemagne
39%
Cliquez sur la moitié manquante Arabie Saoudite
37%
Cliquez sur la moitié manquante Brésil
37%
Cliquez sur la moitié manquante Émirats arabes unis
32%
Cliquez sur la moitié manquante Madagascar
27%
Cliquez sur la moitié manquante Zambie
27%
Cliquez sur la moitié manquante République Dominicaine
26%
Cliquez sur la moitié manquante Venezuela
26%
Cliquez sur la moitié manquante Corée du Nord
23%
Cliquez sur la moitié manquante Pakistan
15%
Cliquez sur la moitié manquante Nicaragua
13%
Aucun quiz correspondant
Distribution des résultats
% des personnes avec chaque résultat
Percentile par nombre de réponses
Votre historique - résultats
Vous n’avez pas pris ce quiz